Estatísticas para Tabela Periódica - 20 Primeiros Elementos

Clique aqui para jogar o quiz

Estatísticas Gerais

  • Esse quiz foi jogado 2 575 vezes
  • A pontuação média é 16 de 20

Estatísticas das Respostas

SímboloElemento% Correto
HHidrogênio
98%
MgMagnésio
91%
OOxigênio
91%
NNitrogênio
89%
CaCálcio
88%
CCarbono
88%
ClCloro
87%
LiLítio
87%
KPotássio
87%
HeHélio
84%
NaSódio
83%
AlAlumínio
80%
PFósforo
80%
FFlúor
74%
SEnxofre
73%
SiSilício
73%
BeBerílio
70%
ArArgônio
68%
BBoro
65%
NeNeônio
59%

Distribuição das Pontuações

Percentil de Números Respondidos

Porcentagem de Pessoas com Cada Pontuação

Sua Pontuação Histórica

Você não jogou esse quiz